000 00790nam a2200229Ia 4500
999 _c40873
_d40873
003 GCL
005 20240530103559.0
008 140319s9999 xx 000 0 ara d
020 _a8245810977
040 _aGCL /
_cGCL
082 0 4 _a001.5 \
_bا ا
100 0 _aاحمد بدر
245 1 0 _aالاعلام الدولى :
_bدراسات فى الاتصال و الدعاية الدولية /
_cاحمد بدر
260 _aالقاهرة :
_bدار قباء للطباعة والنشر والتوزيع ،
_c1982
300 _a463 ص ؛
_c24 سم
650 0 4 _aالاتصال
650 0 4 _aالاعلام الدولى
650 0 4 _aوكالات الانباء
650 0 4 _aالراى العام العالمى
650 0 4 _aالدعاية الدولية
942 _2ddc
_cBK